000 00662nam a2200217 a 4500
005 20240913063948.0
008 060522s2005 mx r 000 0 spa d
020 _a9685958874
035 _aUPN01000144584
049 _aCG
050 4 _aB820
_bE3.3
100 1 _aEco, Umberto,
_d1932-2016
_930161
245 1 3 _aLa estructura ausente :
_bintroducción a la semiótica /
_cUmberto Eco ; tr. Francisco Serra Cantarell.
260 _aMéxico :
_bLumen,
_c2005.
300 _a446 p.
440 0 _aEnsayo filosofía
534 _pTraducción de:
_tLa struttura assente
650 2 _aSemántica
_93577
650 4 _aSEMANTICA (FILOSOFIA)
_911673
905 _aLibro
999 _c116731
_d116731